000
00259nam a2200109Ia 4500
008
190914s9999||||xx |||||||||||||| ||und||
100
_a
Sanjay Sharma
245
0
_a
Principles of Communication
260
_a
Canada
_b
Pearson
_c
1998
300
_a
120
942
_c
BK
999
_c
9847
_d
9847